| 000 | 005620000a22001810004500 | ||
|---|---|---|---|
| 003 | MACL | ||
| 005 | 20160528152907.0 | ||
| 008 | 160528b xxu||||| |||| 00| 0 eng d | ||
| 040 |
_aMACL _cMACL |
||
| 041 | _aHindi | ||
| 082 | _a891.433 PUS | ||
| 100 |
_aइदन्नमम _960634 |
||
| 245 |
_aमेत्रेयी पुष्पा _cइदन्नमम |
||
| 260 |
_bराजकमल पेपरबैक्स _c2002 _aनई दिल्ली |
||
| 350 | _a95 | ||
| 650 |
_aNovel _960635 |
||
| 942 |
_cHIN _k891.433/PUS/N _2ddc |
||
| 999 |
_c17641 _d17641 |
||